{"text_format":"3","workbook":"xlsx","n_sheets":1,"sheets":["劳务"],"not_rendered":{"images":2},"read":"whole","date_system":"1900"}

{"sheet":"劳务","index":0,"n_rows":21,"n_cols":7,"rows_kept":21,"merged":[[0,0,0,6],[1,0,1,6],[2,0,3,0],[2,1,3,1],[2,2,3,2],[2,3,3,3],[2,4,3,4],[2,5,2,6],[20,0,20,6]]}
["控制价清单表"]
["隆昌嘉盛农业废弃物加工项目—劳务单位采购控制价清单"]
["序号","工程或费用名称","工作内容","单位","工程数量","控制价（含税3%）"]
[{"$nulls":5},"人工费单价(元）","人工费合价(元)"]
[1,"钢筋分项工程","单价为建筑面积单价。包括但不限于主体、基础附属设施构筑物等钢筋的制作与安装等。单价含除主材以外的所有内容（如人工、辅材、小型机具等）","m2",1781.12,{"v":28,"d":"28.00"},{"$f":"ROUND(E5*F5,2)","v":49871.36}]
[2,"模板分项工程","单价为建筑面积单价。包括但不限于模板制作、安拆、分类整理等，单价含除模板以外的所以材料，如木方，拉杆，蝴蝶扣等辅材和各类小型机具","m2",1781.12,{"v":80,"d":"80.00"},{"$f":"ROUND(E6*F6,2)","v":{"v":142489.6,"d":"142489.60"}}]
[3,"混凝土分项工程","单价为建筑面积单价。包括但不限于含浇筑、振捣、养护等，单价含除主材砼以外完成浇筑所需的所有内容（如人工、辅材、小型机具等）","m2",1781.12,{"v":65,"d":"65.00"},{"v":115772.8,"d":"115772.80"}]
[4,"脚手架分项工程","单价为实际面积单价。包括但不限于材料搬运 、拆除脚手架后材料的堆放、搭、拆脚手架、斜道、上料平台、安全网的铺设、选择附墙点与主体连接。 测试电动装置、安全锁等。单价含主材架管、扣件等所有内容（如人工、辅材、小型机具等）","m2",348.99,{"v":35,"d":"35.00"},12214.65]
[5,"抹灰工程","单价为建筑面积单价。包括但不限于内外墙抹灰工程等。单价含除主材以外的所有内容（如人工、辅材、小型机具等）","m2",1781.12,{"v":40,"d":"40.00"},{"v":71244.8,"d":"71244.80"}]
[6,"钢结构工程","单价为建筑面积单价。包括但不限于钢结构工程等。单价含除主材以外的所有内容（如人工、辅材、吊车、运输车、大小型机具等）","m2",792.04,{"v":287,"d":"287.00"},227315.48]
[7,"涂料工程","单价为展开面积单价。包括但不限于墙面涂料工程等。单价含除主材以外的所有内容（如人工、辅材、小型机具等）","m2",513.72,{"v":25,"d":"25.00"},{"v":12843,"d":"12843.00"}]
[8,"干作业成孔灌注桩工程","单价为桩长单价。包括但不限于基础桩工程等。单价含除主材以外的所有内容（如人工、辅材、旋挖钻机、大小型机具等）","m",{"v":58,"d":"58.00"},{"v":175.1,"d":"175.10"},{"v":10155.8,"d":"10155.80"}]
[9,"门窗工程","单价为展开面积单价。包括但不限于门窗安装工程的所有内容（如人工、辅材、小型机具等）","m2",{"v":170,"d":"170.00"},{"v":154.5,"d":"154.50"},{"v":26265,"d":"26265.00"}]
[10,"防水工程","单价为建筑面积单价。包括但不限于防水、保温、保护层浇筑、分隔缝等。单价含除主材、防水、保温以外的所有内容（如人工、辅材、小型机具等）","m2",1781.12,{"v":42,"d":"42.00"},74807.04]
[11,"土石方工程","单价为实际体积单价。包括但不限于平整场地、挖土石方、回填、余方弃置。单价包括（机械进出场费、人工费、履带式挖掘机台班费、压路机台班费、运输车台班费等）","m3",{"v":7850,"d":"7850.00"},{"v":22,"d":"22.00"},{"v":172700,"d":"172700.00"}]
[12,"基础工程","单价为建筑面积单价。包括但不限于砖胎膜砌筑、抹灰和打桩成孔所需的除主材以外的所有内容（如人工、辅材、机具等）","m2",1781.12,{"v":25,"d":"25.00"},{"v":44528,"d":"44528.00"}]
[13,"安全文明施工费","单价为建筑面积单价。包括但不限于劳务作业期间的所有安全文明施工措施及设施（如临边防护，安全工具，环保冲洗等，除临建外的所有安全文明措施及设施）","m2",1781.12,58.13,103536.51]
[14,"其它零星工程","单价为建筑面积单价。包括但不限于零星抹灰砌筑工程、配合迎检进行场地布置等除其他项包含的内容外剩余的所有用工均包含在本项当中（如人工、辅材、小型机具等）","项",{"v":1,"d":"1.00"},215421.85,215421.85]
[15,"安装工程","单价为建筑面积单价。包括但不限于消防安装、强电安装、给排水安装、设备安装等除其他项包含的内容外剩余的所有用工均包含在本项当中（如人工、辅材、小型机具等）","m2",1781.12,77.25,137591.52]
[16,"合计",{"$nulls":4},{"$f":"SUM(G5:G19)","v":1416757.41}]
["注：\n1、本表是根据初步设计及概算为依据作初步分析；最终成本数据应根据审核后的施工图与财评清单对工作内容及工程量作相应调整。\n2、此表中人工费单价是基于现有的初设图纸及清单内容根据现目前市场工价编制。最终人工费以供应商投标报价为准（单项报价不超过控制单价）。"]